Metáforas poéticas para la construcción de los oficios.

محفوظ في:
التفاصيل البيبلوغرافية
المؤلف الرئيسي: Reyes Gil, Jaime (autor)
التنسيق: كتاب
منشور في: Viña del Mar, Chile: Ediciones e[ad], 2024.
الطبعة:Primera edición.
سلاسل:Colección Tesis.
الموضوعات:
الوسوم: إضافة وسم
لا توجد وسوم, كن أول من يضع وسما على هذه التسجيلة!

MARC

LEADER 00000nam a22000007a 4500
003 CL-VaPUC
005 20250327113736.0
008 250128t2024 ||||| |||| 00| 0 spa d
999 |c 446855  |d 446853 
020 |a 978-956-8192-28-0 
040 |c Pontificia Universidad Católica de Valparaíso 
082 |a 720.711 REY 2024 
100 |a Reyes Gil, Jaime  |e autor  |9 895917 
245 |a Metáforas poéticas para la construcción de los oficios. 
250 |a Primera edición. 
260 |a Viña del Mar, Chile:  |b Ediciones e[ad],   |c 2024. 
300 |a 209 páginas :  |b ilustraciones. 
490 |a Colección Tesis. 
500 |a c.1-c.3.Donación EAD 7-1-2025.  
583 |c 20250128  |k GC 
600 0 |9 726553  |a Iommi Marini, Godofredo Tito,  |d 1917-2001  |e Profesor universitario y poeta  |x Clases de arquitectura 
610 0 |9 883992  |a Escuela de Arquitectura y Diseño, Pontificia Universidad Católica de Valparaíso  |x Clases grabadas  |y 1978-1987 
650 0 |9 876618  |a Arquitectura y diseño  |x Enseñanza  |x Uso de metáforas 
942 |2 ddc  |c BK 
952 |0 0  |1 0  |2 ddc  |4 0  |6 720_711000000000000_REY_2024  |7 0  |8 A  |9 600027  |a BIBARQ  |b BIBARQ  |d 2025-01-28  |e Donación  |i 5664978  |l 1  |o 720.711 REY 2024  |p 5664978  |r 2025-04-21  |s 2025-04-21  |t 1  |w 2025-01-28  |y BK  |k ARQ 
952 |0 0  |1 0  |2 ddc  |4 0  |6 720_711000000000000_REY_2024  |7 0  |8 A  |9 600028  |a BIBARQ  |b BIBARQ  |d 2025-01-28  |e Donación  |i 5664979  |o 720.711 REY 2024  |p 5664979  |r 2025-01-28  |t 2  |w 2025-01-28  |y BK  |k ARQ 
952 |0 0  |1 0  |2 ddc  |4 0  |6 720_711000000000000_REY_2024  |7 0  |8 A  |9 600029  |a BIBARQ  |b BIBARQ  |d 2025-01-28  |e Donación  |i 5664980  |o 720.711 REY 2024  |p 5664980  |r 2025-01-28  |t 3  |w 2025-01-28  |y BK  |k ARQ